000 00577nam a22001817i 4500
999 _c23596
_d23596
003 AR-CdUCM
008 260406b20242024 pe||||| |||| 00| 0 spa d
020 _a978-612-5102-20-1
040 _aMUNICIPALIDAD PROVINCIAL DEL CUSCO
_cBIBLIOTECA MUNICIPAL DEL CUSCO
041 _hspa
082 _a869.57
_bB81
100 _aBracklow, L. M.
_952539
245 _aLas islas de iros :
_bMaquinaciones - narrativa /
260 _aChorrillos Lima-Perú :
_bGrafos & Maquinaciones SAC.
_c2024
300 _a350 páginas. :
_c21x12 cm.
942 _2ddc
_cLIBROS
945 _apbjr
_d06-04-2026